Y học phổ thông dành cho mọi người : Chuyên đề thận
Chuyên đề bao gồm các nội dung: chanh + vôi: trị bí tiểu do nhiệt; chuối hột làm tan sỏi thận; biển súc trị bệnh tiểu đường; sỏi đường tiểu; thận - huyết áp - tim; són tiểu; rượu bổ thận trị suy;......
Wedi'i Gadw mewn:
| Prif Awdur: | |
|---|---|
| Awduron Eraill: | |
| Fformat: | Llyfr |
| Iaith: | Vietnamese |
| Cyhoeddwyd: |
Tp. Hồ Chí Minh
Thanh niên
2008
|
| Pynciau: | |
| Tagiau: |
Ychwanegu Tag
Dim Tagiau, Byddwch y cyntaf i dagio'r cofnod hwn!
|
| Thư viện lưu trữ: | Thư viện Trường Đại học Nam Cần Thơ |
|---|
| LEADER | 01207nam a2200253 4500 | ||
|---|---|---|---|
| 001 | NCT_124089 | ||
| 008 | 170928b xxu||||| |||| 00| 0 vie d | ||
| 999 | |c 6357 |d 6357 | ||
| 020 | |c 15000 | ||
| 041 | |a vie | ||
| 082 | 0 | 4 | |2 23rd ed. |a 610 |b Ph431 |
| 100 | 1 | |a Thái Huy Phong |e Chủ biên | |
| 245 | 1 | 0 | |a Y học phổ thông dành cho mọi người : |b Chuyên đề thận |p |c Thái Huy Phong, Hoàng Duy Tân (Chủ biên) |
| 260 | |a Tp. Hồ Chí Minh |b Thanh niên |c 2008 | ||
| 300 | |c 26cm | ||
| 310 | |a Hàng tháng | ||
| 362 | |a 2008 | ||
| 520 | 3 | |a Chuyên đề bao gồm các nội dung: chanh + vôi: trị bí tiểu do nhiệt; chuối hột làm tan sỏi thận; biển súc trị bệnh tiểu đường; sỏi đường tiểu; thận - huyết áp - tim; són tiểu; rượu bổ thận trị suy;... | |
| 653 | |a Y đa khoa | ||
| 655 | |a Tạp chí | ||
| 700 | 1 | |a Hoàng Duy Tân |e Chủ biên | |
| 942 | |2 ddc |c CR | ||
| 952 | |0 0 |1 0 |2 ddc |4 0 |6 610_000000000000000_PH431 |7 0 |9 23960 |a 000001 |b 000001 |d 2022-05-14 |o 610 Ph431 |r 2022-05-14 |w 2022-05-14 |y CR | ||
| 980 | |a Thư viện Trường Đại học Nam Cần Thơ | ||